000 00565nam a2200241Ia 4500
003 OSt
005 20220912152859.0
006 a|||||r|||| 00| 0
007 ta
008 220909b |||||||| |||| 00| 0 eng d
024 _a33312
037 _cTextual
040 _aCSL
_beng
_cCSL
041 _aeng
082 _aY176.73, K2;1
100 _aEssienudom E U
245 0 _aBlack Nationalism
260 _c1962
300 _ap.
_ccm.
650 _aAutralians
942 _hY176.73, K2;1
_cTEXL
_2CC
999 _c92702
_d92702